ARTEMIS FOWL
| Main Author: | |
|---|---|
| Format: | Book |
| Language: | Malay |
| Subjects: |
| LEADER | 00636cam a2200229 7i4500 | ||
|---|---|---|---|
| 001 | 0000036770 | ||
| 005 | 20220513090000.0 | ||
| 007 | ta | ||
| 008 | 220217t2020 may | ||
| 020 | |a 9780241387177 | ||
| 040 | |a MATR | ||
| 090 | 0 | 0 | |a FI 823.914 |b COL |
| 100 | 1 | |a Colfer, Eoin |e author | |
| 245 | 1 | 0 | |a ARTEMIS FOWL |c Eoin Colfer. |
| 264 | 0 | |a London: |b Puffin Books, |c 2020. | |
| 300 | |a 277 pages; |c cm. | ||
| 336 | |a text |2 rdacontent | ||
| 337 | |a unmediated |2 rdamedia | ||
| 338 | |a volume |2 rdacarrier | ||
| 500 | |a Screen adaption | ||
| 650 | 0 | |a English fiction | |
| 999 | |a B000041679 |b Book |c Book |e Business Information Centre | ||


